000 00308nam a2200109Ia 4500
008 201224s9999 xx 000 0 und d
100 _aCarsberg, B. V. and Edey, H. C. (ed.)
245 0 _aModern Financial Management : Selected Readings
260 _aHarmondsworth
_bPenguin Books
300 _a115
942 _cBK
999 _c8923
_d8923